00628nam a2200193Ia 45000010006000000050017000060080041000230410008000640820017000721000026000892450102001152600009002173000033002266500006002596540008002659420025002739990017002989520119003152368320260414150953.0260414t2015||||xx |||||||||||||| ||spa|| aESP a690.068bL98 aLundesjo, GregereAUT 0aSupply chain management and logistics in construction :bdelivering tomorrow´s built environment c2015 axiv, 272 páginas :c23 cm. a0 aCIC cLIBdJUSfJUS2ddcn c23683d23683 o690.068 L98p10650528UCSPt17052bVABaVABcSPd2026-04-14e6r2026-04-14 15:09:53l0w2026-04-14yLIB104000